Capital Flags - Statistics

General Stats
  • This quiz has been taken 126 times
  • The average score is 6 of 12
Answer Stats
Picture Answer % Correct
Berlin
84%
Jerusalem
78%
Tokyo
69%
Washington D.C.
69%
Bangkok
60%
Paris
57%
Stockholm
40%
Mexico City
35%
Warsaw
34%
Brasilia
28%
Havana
24%
Nairobi
20%
No matching quizzes found
Score Distribution
Percent of People with Each Score
Percentile by Number Answered
Your Score History
You have not taken this quiz